Péče národních výborů o rozvoj služeb a místního průmyslu /
Uložené v:
| Hlavný autor: | |
|---|---|
| Médium: | Kniha |
| Jazyk: | Russian Czech |
| Vydané: |
Praha :
Nakladatelství politické literatury,
1965.
|
| Edícia: | Národní výbory
|
| Fyzický popis: |
123 strán. |
| Tagy: |
Pridať tag
Žiadne tagy, Buďte prvý kto otaguje tento záznam!
|
Titul je dostupný aj v ... 

MARC
| LEADER | 00000nam a22000002i 4500 | ||
|---|---|---|---|
| 001 | 000654521 | ||
| 005 | 20210121112901.0 | ||
| 008 | 210121s1965 ru e 000 0 rus d | ||
| 020 | |c Kčs 4,50 |q (brožované) | ||
| 040 | |a SVKKK |b slo |c SVKKK |e rda | ||
| 041 | 0 | |a cze | |
| 044 | |a xr |c CZ | ||
| 100 | 1 | |a Groušl, Antonín |4 aut | |
| 245 | 1 | 0 | |a Péče národních výborů o rozvoj služeb a místního průmyslu / |c Antonín Groušl a kolektív. |
| 264 | 1 | |a Praha : |b Nakladatelství politické literatury, |c 1965. | |
| 300 | |a 123 strán. | ||
| 336 | |a text |b txt |2 rdacontent | ||
| 337 | |a bez média |b n |2 rdamedia | ||
| 338 | |a zväzok |b nc |2 rdacarrier | ||
| 490 | 1 | |a Národní výbory | |
| 500 | |a Záznam revízie | ||
| 830 | 0 | |a Národní výbory | |
| 910 | |a svkkk | ||
| 998 | |a BK | ||
| 090 | |g SCKHL |k Sklad Pribinova 2. posch. |a III.91600 |j 363279 |i 2720681581 |s Absenčne | ||